[Event "IBCA EU-chT blind 03rd"]
[Site "Genova"]
[Date "2023.04.28"]
[Round "8.4"]
[White "Arsov, Filip"]
[Black "Muri, Emil"]
[Result "0-1"]
[WhiteElo "1624"]
[BlackElo "1799"]
[PlyCount "54"]
[EventDate "2023.04.20"]
[EventType "team-swiss"]
[EventRounds "9"]
[EventCountry "ITA"]
[SourceTitle "CBM 213 Extra"]
[Source "ChessBase"]
[SourceDate "2023.05.31"]
[SourceVersion "1"]
[SourceVersionDate "2023.05.31"]
[SourceQuality "1"]
[WhiteTeam "Macedonia"]
[BlackTeam "Slovenia"]
[WhiteTeamCountry "MKD"]
[BlackTeamCountry "SLO"]

1. e4 d6 2. d4 Nf6 3. Nc3 Nbd7 4. Nf3 e5 5. Bc4 Be7 6. a4 b6 7. 0-0 c6 8. Re1 0-0 9. h3 a6 10. Ba2 Bb7 11. dxe5 dxe5 12. Nh4 Nxe4 13. Rxe4 Bxh4 14. Be3 Bf6 15. Qh5 g6 16. Qg4 Qc7 17. h4 Bg7 18. h5 Nf6 19. Qh4 Nxh5 20. Bg5 Nf4 21. Bxf4 exf4 22. Rxf4 c5 23. Nd5 Bxd5 24. Bxd5 Rad8 25. Rd1 Kh8 26. c3 Qe5 27. c4 g5 0-1

[Event "IBCA EU-chT blind 03rd"]
[Site "Genova"]
[Date "2023.04.23"]
[Round "4.4"]
[White "Muri, Emil"]
[Black "Dyballa, Gerhard"]
[Result "1/2-1/2"]
[WhiteElo "1799"]
[BlackElo "1912"]
[PlyCount "131"]
[EventDate "2023.04.20"]
[EventType "team-swiss"]
[EventRounds "9"]
[EventCountry "ITA"]
[SourceTitle "CBM 213 Extra"]
[Source "ChessBase"]
[SourceDate "2023.05.31"]
[SourceVersion "1"]
[SourceVersionDate "2023.05.31"]
[SourceQuality "1"]
[WhiteTeam "Slovenia"]
[BlackTeam "Germany"]
[WhiteTeamCountry "SLO"]
[BlackTeamCountry "GER"]

1. e4 e6 2. b3 d5 3. Bb2 dxe4 4. Nc3 Nf6 5. Qe2 Be7 6. Nxe4 Nxe4 7. Qxe4 Bf6 8. c3 0-0 9. 0-0-0 Qd5 10. Bd3 Qxe4 11. Bxe4 c5 12. Nf3 Nc6 13. Ba3 Rd8 14. Bxc5 Bd7 15. Be3 b6 16. Bg5 Bxg5 17. Nxg5 h6 18. Nf3 Rac8 19. Kb2 f5 20. Bb1 e5 21. d4 e4 22. Nd2 Re8 23. Rhe1 Re7 24. Nc4 b5 25. Ne3 Rce8 26. Nd5 Rf7 27. Nc7 Rb8 28. Nd5 Rd8 29. Ne3 Re8 30. Nf1 Rfe7 31. Ng3 Rf7 32. a3 Rfe7 33. b4 Kh8 34. Nf1 g6 35. Ne3 Rf8 36. Nd5 Ree8 37. Nc7 Rb8 38. Na6 Rbe8 39. Nc5 Bc8 40. Ba2 Nb8 41. Bb3 Nd7 42. Ne6 Rf6 43. Nc7 Ref8 44. Nxb5 a6 45. Nc7 Nb6 46. Nd5 Nxd5 47. Bxd5 Kg7 48. Bb3 Re8 49. d5 f4 50. c4 e3 51. f3 g5 52. c5 g4 53. d6 gxf3 54. gxf3 Bd7 55. Bd5 Ba4 56. Bb3 Bd7 57. Rd4 Re5 58. Bd5 Rg6 59. Re2 Bb5 60. Bc4 Bxc4 61. Rxc4 Rd5 62. Rcc2 Kf7 63. a4 Rg8 64. Kc3 a5 65. Rg2 Rc8 66. Kc4 1/2-1/2

[Event "IBCA World-chT blind 9th"]
[Site "Ohrid"]
[Date "2022.07.07"]
[Round "9.7"]
[White "Muri, Emil"]
[Black "Kostadinovski, Zoran"]
[Result "0-1"]
[WhiteElo "1782"]
[BlackElo "1913"]
[PlyCount "112"]
[EventDate "2022.06.28"]
[EventType "team-swiss"]
[EventRounds "9"]
[EventCountry "MKD"]
[SourceTitle "EXT 2024"]
[Source "ChessBase"]
[SourceDate "2023.10.10"]
[SourceVersion "1"]
[SourceVersionDate "2023.10.10"]
[SourceQuality "1"]
[WhiteTeam "Slovenia"]
[BlackTeam "Macedonia"]
[WhiteTeamCountry "SLO"]
[BlackTeamCountry "MKD"]

1. e4 c5 2. Nf3 a6 3. g3 d6 4. Bg2 Nc6 5. c3 Nf6 6. Qc2 e5 7. d3 Be7 8. 0-0 0-0 9. Nbd2 Ne8 10. Nc4 Be6 11. Ne3 Nc7 12. Re1 g6 13. Bd2 Bf6 14. Rad1 Bg7 15. Bc1 f5 16. c4 f4 17. Nd5 fxg3 18. fxg3 Bg4 19. Ng5 Nxd5 20. exd5 Nd4 21. Qd2 Bh6 22. Rf1 Bxd1 23. Rxd1 Bxg5 24. Qxg5 Ne2+ 25. Kh1 Nxc1 26. Qxc1 Kg7 27. Be4 Rf6 28. Kg2 Qe7 29. Qe3 Raf8 30. h4 Rf2+ 31. Qxf2 Rxf2+ 32. Kxf2 Qc7 33. a3 Qa5 34. Ke2 Qa4 35. Rd2 b5 36. cxb5 axb5 37. Kf3 Qd4 38. Rc2 Kf6 39. Re2 h6 40. Rc2 g5 41. hxg5+ Kxg5 42. Re2 Kf6 43. Rc2 Qg1 44. Rg2 Qd1+ 45. Re2 Ke7 46. Bh7 Qh1+ 47. Kf2 Qxd5 48. Be4 Qd4+ 49. Kf3 d5 50. Bh7 c4 51. dxc4 bxc4 52. Rh2 Qd1+ 53. Kg2 e4 54. Rh4 Qd2+ 55. Kh3 e3 56. Rxh6 e2 0-1

[Event "SLO-ch blind int 13th"]
[Site "Izola"]
[Date "2019.06.08"]
[Round "6"]
[White "Muri, Emil"]
[Black "Znuderl, Matej"]
[Result "1/2-1/2"]
[WhiteElo "1825"]
[BlackElo "1909"]
[PlyCount "21"]
[EventDate "2019.06.03"]
[EventType "swiss"]
[EventRounds "7"]
[EventCountry "SLO"]
[SourceTitle "CBM 190 Extra"]
[Source "ChessBase"]
[SourceDate "2019.07.15"]
[SourceVersion "1"]
[SourceVersionDate "2019.07.15"]
[SourceQuality "1"]

1. e4 e5 2. Nf3 Nc6 3. Bb5 a6 4. Ba4 Nf6 5. d4 exd4 6. 0-0 b5 7. Bb3 Be7 8. Re1 d6 9. Bd5 Nxd5 10. exd5 Ne5 11. Nxd4 1/2-1/2

[Event "SLO-ch blind int 13th"]
[Site "Izola"]
[Date "2019.06.04"]
[Round "2"]
[White "Ymeri, Rinor"]
[Black "Muri, Emil"]
[Result "0-1"]
[WhiteElo "1658"]
[BlackElo "1825"]
[PlyCount "84"]
[EventDate "2019.06.03"]
[EventType "swiss"]
[EventRounds "7"]
[EventCountry "SLO"]
[SourceTitle "CBM 190 Extra"]
[Source "ChessBase"]
[SourceDate "2019.07.15"]
[SourceVersion "1"]
[SourceVersionDate "2019.07.15"]
[SourceQuality "1"]

1. e4 e5 2. Nf3 Nc6 3. b3 Bc5 4. Bb2 d6 5. Nc3 Nf6 6. Bb5 0-0 7. Bxc6 bxc6 8. h3 a6 9. d4 exd4 10. Nxd4 Bd7 11. Qd2 Re8 12. 0-0-0 Nxe4 13. Nxe4 Rxe4 14. Qc3 Qg5+ 15. Kb1 Bxd4 16. Rxd4 Rxd4 17. Qxd4 Qxg2 18. Re1 Re8 19. Rxe8+ Bxe8 20. a3 c5 21. Qe3 Kf8 22. Ka2 Bd7 23. h4 f6 24. Qd3 Qg6 25. Qxa6 Qxc2 26. Qa8+ Kf7 27. Qb7 c4 28. bxc4 Qxc4+ 29. Qb3 Be6 30. Qxc4 Bxc4+ 31. Kb1 c5 32. Bc1 Ke6 33. Bf4 h6 34. Kc2 g5 35. hxg5 fxg5 36. Bg3 h5 37. Bh2 h4 38. Kc3 d5 39. a4 Kf5 40. Bd6 h3 41. a5 Ke4 42. Bg3 Kf3 0-1

[Event "SLO-chT3 West"]
[Site "Komenda"]
[Date "2018.12.09"]
[Round "5.3"]
[White "Cokan, Mirko"]
[Black "Muri, Emil"]
[Result "1-0"]
[WhiteElo "1677"]
[BlackElo "1837"]
[PlyCount "79"]
[EventDate "2018.12.07"]
[EventType "team-tourn"]
[EventRounds "5"]
[EventCountry "SLO"]
[SourceTitle "EXT 2020"]
[Source "ChessBase"]
[SourceDate "2019.10.17"]
[SourceVersion "1"]
[SourceVersionDate "2019.10.17"]
[SourceQuality "1"]
[WhiteTeam "Domzale Tajfun"]
[BlackTeam "Prevodi Dvojka II"]
[WhiteTeamCountry "SLO"]
[BlackTeamCountry "SLO"]

1. d4 Nf6 2. Nc3 d6 3. e4 Nbd7 4. Bb5 c6 5. Bd3 e5 6. Nge2 Be7 7. 0-0 0-0 8. Rb1 Re8 9. h3 Bf8 10. Be3 g6 11. Qd2 exd4 12. Nxd4 Nc5 13. Bg5 Nxd3 14. cxd3 Be7 15. Rfe1 Nh5 16. Nf3 Bxg5 17. Nxg5 Qf6 18. e5 dxe5 19. Nce4 Qe7 20. Ng3 Nf4 21. Nf3 Qf6 22. Ne4 Qe7 23. Kh2 Bf5 24. g4 Bd7 25. d4 f5 26. gxf5 Bxf5 27. dxe5 Nd5 28. Rbd1 Rf8 29. Kg2 Bxh3+ 30. Kg3 Rf4 31. Nf6+ Nxf6 32. exf6 Qxf6 33. Qxf4 Qxf4+ 34. Kxf4 Rf8+ 35. Kg3 Bf5 36. Re7 Bc8 37. Rde1 h5 38. Ng5 h4+ 39. Kg2 a6 40. Rh7 1-0

[Event "IBCA-ol blind 15th"]
[Site "Ohrid"]
[Date "2017.06.20"]
[Round "2.3"]
[White "Muri, Emil"]
[Black "Andjic, Borislav"]
[Result "1/2-1/2"]
[WhiteElo "1920"]
[BlackElo "2122"]
[PlyCount "39"]
[EventDate "2017.06.19"]
[EventType "team-swiss"]
[EventRounds "9"]
[EventCountry "MKD"]
[SourceTitle "CBM 179 Extra"]
[Source "ChessBase"]
[SourceDate "2017.08.23"]
[SourceVersion "1"]
[SourceVersionDate "2017.08.23"]
[SourceQuality "1"]
[WhiteTeam "Slovenia"]
[BlackTeam "Montenegro"]
[WhiteTeamCountry "SLO"]
[BlackTeamCountry "MNE"]

1. e4 e5 2. Nf3 d6 3. d4 exd4 4. Qxd4 Nc6 5. Bb5 Bd7 6. Bxc6 Bxc6 7. Nc3 Qf6 8. Bg5 Qe6 9. 0-0-0 f6 10. Bf4 Ne7 11. Nd5 Qd7 12. Be3 b6 13. Nb4 0-0-0 14. Nxc6 Nxc6 15. Qd5 Kb8 16. Nd4 Nxd4 17. Qxd4 Qe6 18. Qd5 Qxd5 19. Rxd5 g6 20. c4 1/2-1/2

[Event "IBCA EU-ch blind 06th"]
[Site "Lyon"]
[Date "2015.08.02"]
[Round "9"]
[White "Muri, Emil"]
[Black "Bindzus, Ernst"]
[Result "1/2-1/2"]
[WhiteElo "1951"]
[BlackElo "1890"]
[PlyCount "30"]
[EventDate "2015.07.25"]
[EventType "swiss"]
[EventRounds "9"]
[EventCountry "FRA"]
[SourceTitle "CBM 167 Extra"]
[Source "ChessBase"]
[SourceDate "2015.09.14"]
[SourceVersion "1"]
[SourceVersionDate "2015.09.14"]
[SourceQuality "1"]

1. e4 c5 2. Nf3 g6 3. Nc3 Bg7 4. d4 cxd4 5. Nxd4 Nc6 6. Be3 Nf6 7. Bc4 Qa5 8. Nb3 Qb4 9. Bd3 Nxe4 10. Bxe4 Bxc3+ 11. bxc3 Qxe4 12. 0-0 0-0 13. Re1 Qh4 14. Qd2 d6 15. Bg5 Qg4 1/2-1/2

[Event "IBCA EU-ch blind 06th"]
[Site "Lyon"]
[Date "2015.07.29"]
[Round "5"]
[White "Muri, Emil"]
[Black "Schmeisser, Andre"]
[Result "0-1"]
[WhiteElo "1951"]
[BlackElo "1740"]
[PlyCount "106"]
[EventDate "2015.07.25"]
[EventType "swiss"]
[EventRounds "9"]
[EventCountry "FRA"]
[SourceTitle "CBM 167 Extra"]
[Source "ChessBase"]
[SourceDate "2015.09.14"]
[SourceVersion "1"]
[SourceVersionDate "2015.09.14"]
[SourceQuality "1"]

1. e4 c5 2. Nf3 e6 3. b3 Nc6 4. Bb2 b6 5. Bb5 Bb7 6. 0-0 Nge7 7. Re1 d6 8. Bf1 Rc8 9. d3 Ng6 10. g3 Qc7 11. Nbd2 a6 12. Ng5 h6 13. Ngf3 e5 14. Nc4 Nd4 15. c3 Ne6 16. Ne3 Ne7 17. Nh4 g6 18. Bh3 Bg7 19. Bc1 0-0 20. Bd2 Qb8 21. Ng4 Kh7 22. Qc1 Ng8 23. Nf5 gxf5 24. exf5 Ng5 25. Bxg5 hxg5 26. f6 Nxf6 27. Qxg5 Nxg4 28. Bxg4 Rh8 29. Bf5+ Kg8 30. Bxc8 Qxc8 31. h4 Qh3 32. Re4 Bxe4 33. dxe4 Qd7 34. Kg2 f6 35. Qe3 Qg4 36. Rh1 f5 37. exf5 Qxf5 38. Qd2 Qe6 39. c4 Bh6 40. Qd3 e4 41. Qe2 Rh7 42. Re1 Re7 43. Qh5 e3 44. f3 e2 45. f4 Bg7 46. Qf3 Bd4 47. f5 Qe5 48. g4 Bc3 49. f6 Bxe1 50. fxe7 Qxe7 51. Qd5+ Kg7 52. h5 Bd2 53. h6+ Bxh6 0-1

[Event "SLO-ch blind int 11th"]
[Site "Izola"]
[Date "2015.06.09"]
[Round "3"]
[White "Muri, Emil"]
[Black "Grigorchuk, Sergey"]
[Result "0-1"]
[WhiteElo "1938"]
[BlackElo "2284"]
[PlyCount "50"]
[EventDate "2015.06.08"]
[EventType "swiss"]
[EventRounds "7"]
[EventCountry "SLO"]
[SourceTitle "EXT 2024"]
[Source "ChessBase"]
[SourceDate "2023.10.10"]
[SourceVersion "1"]
[SourceVersionDate "2023.10.10"]
[SourceQuality "1"]

1. e4 e6 2. d3 d5 3. Nd2 Nf6 4. Ngf3 b6 5. g3 dxe4 6. dxe4 Bc5 7. Bg2 Ba6 8. c4 Qd3 9. b4 Bxf2+ 10. Kxf2 Ng4+ 11. Ke1 Qc3 12. b5 Ne3 13. Qe2 Nxg2+ 14. Kf2 Qxa1 15. bxa6 Qxa2 16. Kxg2 Nxa6 17. Ne5 0-0 18. Rf1 Nc5 19. Qf3 f6 20. Ng4 Rad8 21. Rd1 Rd3 22. Qe2 Rfd8 23. Nf2 R3d4 24. Kh3 Nb3 25. Nxb3 Qxe2 0-1

[Event "IBCA Wch blind 13th"]
[Site "Katerini"]
[Date "2014.05.13"]
[Round "8"]
[White "Muri, Emil"]
[Black "Zoltek, Tadeusz"]
[Result "0-1"]
[WhiteElo "1974"]
[BlackElo "2163"]
[PlyCount "48"]
[EventDate "2014.05.05"]
[EventType "swiss"]
[EventRounds "9"]
[EventCountry "GRE"]
[SourceTitle "CBM 160 Extra"]
[Source "ChessBase"]
[SourceDate "2014.07.01"]
[SourceVersion "1"]
[SourceVersionDate "2014.07.01"]
[SourceQuality "1"]

1. e4 e6 2. d3 d5 3. Nd2 Nf6 4. Ngf3 b6 5. e5 Nfd7 6. g3 Bb7 7. Bg2 c5 8. 0-0 Nc6 9. Re1 g5 10. Nf1 Be7 11. c3 g4 12. N3d2 Ndxe5 13. Qe2 Ba6 14. c4 Bf6 15. Ne3 Nd4 16. Qd1 Nxd3 17. Nxd5 Nxe1 18. Nxf6+ Qxf6 19. Bxa8 Nec2 20. Qxg4 h5 21. Qd1 Qd8 22. Bg2 Nxa1 23. Ne4 Bxc4 24. Bg5 Ne2+ 0-1